Federal laws, regulations, and rulings affecting the land-grant colleges of agriculture and mechanic arts. (Record no. 19277)
[ view plain ]
| 000 -LEADER | |
|---|---|
| fixed length control field | 00879cam a22002411 4500 |
| 001 - CONTROL NUMBER | |
| control field | e 12000042 |
| 003 - CONTROL NUMBER IDENTIFIER | |
| control field | DLC |
| 005 - DATE AND TIME OF LATEST TRANSACTION | |
| control field | 20260227111156.0 |
| 008 - FIXED-LENGTH DATA ELEMENTS--GENERAL INFORMATION | |
| fixed length control field | 880615s1911 dcu l f000 0 eng c |
| 010 ## - LIBRARY OF CONGRESS CONTROL NUMBER | |
| LC control number | e 12000042 |
| 035 ## - SYSTEM CONTROL NUMBER | |
| System control number | (OCoLC)18094224 |
| 040 ## - CATALOGING SOURCE | |
| Original cataloging agency | Library, U.S. Bur. of Education |
| Transcribing agency | CU |
| Modifying agency | CU |
| -- | DLC |
| 042 ## - AUTHENTICATION CODE | |
| Authentication code | premarc |
| 050 00 - LIBRARY OF CONGRESS CALL NUMBER | |
| Classification number | S533 |
| Item number | .A4 1911 |
| 110 1# - MAIN ENTRY--CORPORATE NAME | |
| Corporate name or jurisdiction name as entry element | United States. |
| Form subheading | Laws, statutes, etc. |
| 245 10 - TITLE STATEMENT | |
| Title | Federal laws, regulations, and rulings affecting the land-grant colleges of agriculture and mechanic arts. |
| 260 ## - PUBLICATION, DISTRIBUTION, ETC. | |
| Place of publication, distribution, etc. | Washington, |
| Name of publisher, distributor, etc. | Govt. Print. Off., |
| Date of publication, distribution, etc. | 1911. |
| 300 ## - PHYSICAL DESCRIPTION | |
| Extent | 13 p. |
| Dimensions | 24 cm. |
| 500 ## - GENERAL NOTE | |
| General note | At head of title: U.S. Bureau of Education. |
| 650 #0 - SUBJECT ADDED ENTRY--TOPICAL TERM | |
| Topical term or geographic name entry element | Agricultural colleges |
| General subdivision | Law and legislation |
| Geographic subdivision | United States. |
| 650 #0 - SUBJECT ADDED ENTRY--TOPICAL TERM | |
| Topical term or geographic name entry element | Technical education |
| General subdivision | Law and legislation |
| Geographic subdivision | United States. |
| 710 1# - ADDED ENTRY--CORPORATE NAME | |
| Corporate name or jurisdiction name as entry element | United States. |
| Subordinate unit | Bureau of Education. |
No items available.